Geografía del amor y la distancia
| Main Author: | |
|---|---|
| Format: | Section = Libro |
| Language: | Undetermined Spanish |
| Published: |
Managua
BCN
2015
|
| Subjects: |
| LEADER | 00512nam a2200193Ia 4500 | ||
|---|---|---|---|
| 008 | 240829s9999 xx 000 0 und d | ||
| 020 | |a 978-99924-45-23-5 | ||
| 040 | |a BIBLIOTECA-RUSB/ 861.44 T693 | ||
| 041 | |a spa | ||
| 082 | |a 861.44 T693 | ||
| 100 | 1 | |a Torres, Alba Azucena | |
| 245 | 1 | 0 | |a Geografía del amor y la distancia |
| 260 | |a Managua |b BCN |c 2015 | ||
| 300 | |a 251 p. :il. | ||
| 650 | 7 | |a POESIA NICARAGUENSE | |
| 650 | 7 | |b LITERATURA NICARAGUENSE-SIGLO XXI | |
| 942 | |c BK |2 ddc | ||
| 991 | |a TEXTO | ||
| 999 | |c 5496 | ||